| 000 | 00786nam a22002417a 4500 | ||
|---|---|---|---|
| 999 |
_c14120 _d14120 |
||
| 003 | AR-CdUCM | ||
| 008 | 190422b ||||| |||| 00| 0 spa d | ||
| 020 | _a978-607-618-403-5 | ||
| 040 |
_aMUNICIPALIDAD PROVINCIAL DEL CUSCO _cBIBLIOTECA MUNICIPAL DEL CUSCO |
||
| 041 | _heng | ||
| 082 |
_aPI / 590 / _bS55 |
||
| 100 |
_aNat Lambert _932787 |
||
| 245 | _a3-D ¡Ataque de tiburón! / | ||
| 260 |
_aMexico D. F. : _bTop That, _c2015. |
||
| 300 |
_a15 páginas ; _b12 laminas armables, _c29 cm. |
||
| 505 | _aContenido: 3-D ¡Ataque de tiburón! | ||
| 650 |
_aLibro infantil _924758 |
||
| 650 |
_aTiburon _932788 |
||
| 650 |
_aEl rey de la profundidad _932789 |
||
| 700 |
_aIzquierdo, Ana y Alba, Arlette de (traductor) _932790 |
||
| 942 |
_2ddc _cLIBROS |
||
| 945 |
_acmm _d2019-04-22 |
||